000
00309nam a2200109Ia 4500
005
20251222154420.0
008
251222s9999||||xx |||||||||||||| ||spa||
082
_a
838.9/H36
100
_a
"Heine Heinrich, Christian Johann"
245
0
_a
Noches florentinas. Memorias del seƱor de Schnabelewopski
942
_c
LIB
999
_c
35997
_d
35997